Slovenský trh
Týždenník pre hospodárske a podnikateľské otázky. Jeho cieľom bolo: sprostredkovať kúpu - predaj, mal dopytovú a ponukovú službu, ďalej informačnú službu, hospodársky a právny obzor, daňovú poradňu. Venoval sa najmä hospodárskej situácii východného Slovenska, z toho najmä Prešovu...
| Previous Title: | Burza priemyselníkov, obchodníkov a remeselníkov |
|---|---|
| Other Authors: | |
| Format: | Journal |
| Language: | Slovak German Ukrainian Hungarian |
| PhysicalDescription: | 5 roč. 46 x 31 cm |
| Published: |
Prešov
Eugen Servátka
1940-1944
Prešov „Tatran“, prvý slovenský vydavateľský podnik, E. Servátka |
| Subjects: |
MARC
| LEADER | 00000nas a22000001a 4500 | ||
|---|---|---|---|
| 001 | vtls010300490 | ||
| 003 | SK-MaSNL | ||
| 005 | 20260228161730.0 | ||
| 008 | 110810d19401944xo wr p r 0 b0slo | ||
| 015 | |a 0566 |2 Fedor 1939-44 | ||
| 040 | |a SNK |b slo |c SNK |e AACR2 | ||
| 041 | 0 | |a slo |a ger |a ukr |a hun | |
| 044 | |a xo |c SK | ||
| 245 | 0 | 0 | |a Slovenský trh |
| 246 | 1 | 1 | |a Slowakischer Markt |
| 246 | 1 | 1 | |a Slovackij torg |
| 246 | 1 | 1 | |a Szlovák vásár |f 1940-1941 |
| 246 | 1 | 1 | |a Szlovák piac |f 1942-1944 |
| 260 | |a Prešov |b Eugen Servátka |c 1940-1944 | ||
| 260 | 3 | |3 1942-1944 |a Prešov |b „Tatran“, prvý slovenský vydavateľský podnik, E. Servátka | |
| 300 | |a 5 roč. |c 46 x 31 cm | ||
| 310 | |a 1x týždenne | ||
| 362 | 0 | |a Roč. II, č. 1 (17.2.1940)-roč.VI, č. 22 (30.6.1944) | |
| 500 | |a Vych. v Prešove každú sobotu | ||
| 500 | |a Vyd. a zodp. red. Eugen Servátka (do konca III. roč.); iba zodp. red. Eugen Servátka (od zač. IV. roč.). Red. kruh: Vojtech Marenčín (od zač. IV. roč.); Viktor Sokolský (od zač. IV. roč.); Ľudovít Repáš (od zač. IV. roč.); Ján Tvarožek (od zač. IV. roč.); Bartolomej Ondrejko [od zač. IV. roč. - do 10/VI (6.3.1944)]; K. Novomeský [od 5/IV (31.1.1942)]; Gustáv Plávka (od zač. IV. roč.); J. Ťukot [od 11/IV (14.3.1942)] | ||
| 500 | |a Maj. a vyd. „Tatran“, prvý slovenský vydavateľský podnik, E. Servátka (od zač. IV. roč.) | ||
| 500 | |a Tlač. Kníhtlač. Sv. Mikuláš (do konca III. roč.); Kníhtlač. Andreja fil. v Prešove (od zač. IV. roč.) | ||
| 500 | |a Vych. od 17.2.1940. Bol vzatý do evidencie výmerom Polic. riadit. v Prešove čís. 6189/39-prez. z 2. 10. 1939 | ||
| 500 | |a Vyhl. NÚZ 562 Úr. nov. z 29. 12. 1942 časopis Slovenský trh mal zakázané používať papier a tlačiarenské práce. Preto po krátku dobu v roku 1943 nevychádzal (1-2 čís. V. roč. vyšlo až 10. 7. 1943). Od 1-2 čísla IV. ročníka uvádzal, že vychádza v náklade 5000 exemplárov, od. 5/IV v 5500, od. 6/IV v 6000 exemplároch | ||
| 500 | |a Súbež. názov nem., ukr. a maď. | ||
| 515 | |a Začas v roku 1943 nevychodil (1-2. čís. V. roč. vyšlo až 10.7.1943) | ||
| 520 | |a Týždenník pre hospodárske a podnikateľské otázky. Jeho cieľom bolo: sprostredkovať kúpu - predaj, mal dopytovú a ponukovú službu, ďalej informačnú službu, hospodársky a právny obzor, daňovú poradňu. Venoval sa najmä hospodárskej situácii východného Slovenska, z toho najmä Prešovu | ||
| 580 | |a Bol pokračovaním časopisu Burza priemyselníkov, obchodníkov a remeselníkov, ktorého ročníkovanie a číslovanie prevzal | ||
| 650 | 0 | 7 | |a hospodárstvo |2 SNKPH |9 14275 |
| 655 | 7 | |a hospodárske časopisy |2 SNKPH |9 265246 | |
| 700 | 1 | |a Servátka, Eugen |4 pbd |4 red |9 269401 | |
| 700 | 1 | |a Marenčin, Vojtech, |d 1899-1975 |4 red |9 207709 | |
| 700 | 1 | |a Novomeský, K. |4 red |9 269402 | |
| 700 | 1 | |a Ondrejko, Bartolomej |4 red |9 269403 | |
| 700 | 1 | |a Plávka, Gustáv |4 red |9 269404 | |
| 700 | 1 | |a Repáš, Ľudovít |4 red |9 269405 | |
| 700 | 1 | |a Sokolský, Viktor |4 red |9 269406 | |
| 700 | 1 | |a Tvarožek, Ján |4 red |9 269407 | |
| 700 | 1 | |a Ťukot, J. |4 red |9 269408 | |
| 710 | 2 | |a Tatran, prvý slovenský vydavateľský podnik, E. Servátka (Prešov) |4 pbl |9 269409 | |
| 710 | 0 | |a Servátka, Eugen (Prešov) |4 pbl |9 269410 | |
| 780 | 0 | 0 | |t Burza priemyselníkov, obchodníkov a remeselníkov |
| 910 | |a snk | ||
| 999 | |c 5977 |d 7907 | ||
| 952 | |0 0 |1 0 |4 0 |7 1 |8 5 |a SNK |b SNK |d 1999-09-07 |i snkČSF 1075/58 |l 0 |o snkČSA 180/2/1940 |p 17A0209883 |r 2005-01-02 00:00:00 |t č. 1-51, neúplné |w 2026-02-21 |y NEVYP |z Chýba č. 1-6 | ||
| 952 | |0 0 |1 0 |4 0 |7 1 |a SNK |b SNK |d 2002-11-04 |l 0 |o snkČSA 180/3/1941 |p 17A0209877 |r 2005-01-02 00:00:00 |t č. 1-44, neúplné |w 2026-02-21 |y NEVYP |z Chýba č. 13-14 | ||
| 952 | |0 0 |1 0 |4 0 |7 1 |a SNK |b SNK |d 2002-11-04 |l 0 |o snkČSA 180/4/1942 |p 17A0209876 |r 2005-01-02 00:00:00 |t č. 1-42 |w 2026-02-21 |y NEVYP | ||
| 952 | |0 0 |1 0 |4 0 |7 1 |a SNK |b SNK |d 2002-11-04 |l 0 |o snkČSA 180/5/1943 |p 17A0209860 |r 2005-01-02 00:00:00 |t č. 1-22 |w 2026-02-21 |y NEVYP | ||
| 952 | |0 0 |1 0 |4 0 |7 1 |a SNK |b SNK |d 2002-11-04 |l 0 |o snkČSA 180/6/1944 |p 17A0209874 |r 2005-01-02 00:00:00 |t č. 1-22 |w 2026-02-21 |y NEVYP | ||
| 952 | |0 0 |1 0 |4 0 |7 1 |8 5 |a SNK |b SNK |d 2017-11-27 |i snkF 1252/68 |l 0 |o snkČSA 180/2/1940 D1 |p 17A1189015 |r 2026-02-21 22:12:29 |t č. 1-51, neúplné |w 2026-02-21 |y NEVYP |z Chýba č. 1-6, 18-19,25, 36-37 | ||


